La tortuga, el muchacho y el escritor (Registro nro. 58036)
[ vista simple ]
| 000 -LDR (LÍDER) | |
|---|---|
| fixed length control field | 00808nam a22002417 4500 |
| 008 - FIXED-LENGTH DATA ELEMENTS--GENERAL INFORMATION | |
| fixed length control field | 241128r |||a|||gr|||| 00| 0 spa d |
| 020 ## - ISBN | |
| ISBN | 9789585862753 |
| 040 ## - FUENTE DE CATALOGACIÓN | |
| Agencia catalogadora original | CO-BoRNBP |
| Idioma de la agencia catalogadora | spa |
| Norma para la descripción | rda |
| Agencia que transcribe | CO-BoRNBP |
| 084 ## - Clasificación facetada | |
| Número de clasificación | N ECH3 |
| 100 1# - Autor | |
| Nombre | Echavarría. Albeiro |
| Termino relación | Autor |
| 9 (RLIN) | 62297 |
| 245 13 - Título | |
| Título | La tortuga, el muchacho y el escritor |
| Mención de responsabilidad | Albeiro Echavarría; ilustrado por Felipe Meneses |
| 250 ## - Edición | |
| Edición | Segunda |
| 264 #1 - Pie de imprenta | |
| Ciudad de publicación | Bogotá, Colombia |
| Editorial | Enlace Editorial |
| Año | 2016 |
| 300 ## - Descripción física | |
| Extensión | 143 páginas |
| Dimensiones | 20 cm. |
| 336 ## - Tipo de Contenido | |
| Tipo de contenido | texto |
| Código de tipo de contenido | txt |
| Fuente | rdacontenido |
| 337 ## - Tipo de Medio | |
| Tipo de Medio | sin mediación |
| Código de tipo de medio | n |
| Fuente | rdamedio |
| 338 ## - Tipo de soporte | |
| Tipo de soporte | volumen |
| Código de tipo de soporte | nc |
| Fuente | rdasoporte |
| 700 1# - ASIENTO SECUNDARIO - NOMBRE PERSONAL | |
| Nombre personal | Meneses, Felipe ilustrado |
| Término de relación, rol en la obra | ilustrador |
| 700 1# - ASIENTO SECUNDARIO - NOMBRE PERSONAL | |
| Nombre personal | Alonso, Gregorio |
| Término de relación, rol en la obra | diseñador de la cubierta |
| 942 ## - Información adicional | |
| Tipo de material | Libro Literatura |
| 700 1# - ASIENTO SECUNDARIO - NOMBRE PERSONAL | |
| -- | 62298 |
| 700 1# - ASIENTO SECUNDARIO - NOMBRE PERSONAL | |
| -- | 62299 |
| Estado de pérdida | Fuente del sistema de clasificación o colocación | Estado de daño | Koha normalized classification for sorting | Not for loan | Colección | Biblioteca | Biblioteca actual | Localización | Fecha de adquisición | Koha issues (times borrowed) | Signatura topográfica | Código de barras | Koha date last seen | Ejemplar | Price effective from | Tipo de ítem |
|---|---|---|---|---|---|---|---|---|---|---|---|---|---|---|---|---|
| Clasificación Local Facetada | N E C H3 | Colección General | Biblioteca Pública Acacias - Carlos María Hernández Rojas | Biblioteca Pública Acacias - Carlos María Hernández Rojas | Literatura | 08/14/2025 | N ECH3 | ACA09460 | 08/14/2025 | Ej.1 | 08/14/2025 | Libro Literatura |